000 00760nam a2200265Ia 4500
003 OSt
005 20221006160326.0
006 a|||||r|||| 00| 0
007 ta
008 221006b |||||||| |||| 00| 0 eng d
020 _a9780803989177
_c£30.99
024 _a44,957
037 _b82/2013-14, 30/01/2014, Pioneer Book Distributors
_cTextual
040 _aEASL
_cEASL
_beng
041 _2eng
_aeng
082 _aQ:6, N4
100 _aBeyer Peter
_921396
245 0 _aReligion and Globalization
260 _aLondon
_bSAGE Publications
_c1994
300 _a256p.
_ccm.
490 _v KEL
650 _aKEL
942 _hQ:6, N4
_cTEXL
_2CC
999 _c1113049
_d1113049